000 00811nam a2200217 a 4500
005 20240925064121.0
008 991125s1972 bue 000 0 spa u
035 _aUPN01000013433
049 _aCG
050 4 _aBD50
_bI5.38
100 1 _aInhelder, Bärbel,
_d1913-1997
_928563
245 1 0 _aDe la lógica del niño a la lógica del adolescente :
_bensayo sobre la construcción de las estructuras operatorias formales /
_cB. Inhelder y J. Piaget ; tr. María Teresa Cevasco.
260 _aBuenos Aires :
_bPaidós,
_c1972.
300 _a294 p.
440 0 _aPaidós psicología evolutiva ;
_v9.
_pSerie 2
650 4 _aTeoría del conocimiento
_91707
650 4 _aLógica simbólica y matemática
_93581
650 4 _aNiño, Estudio del
_9221
700 1 _aPiaget, Jean,
_d1896-1980
_ecoaut.
905 _aLibro
999 _c13433
_d13433